| 000 -CABECERA |
| Longitud fija campo de control |
00646nam a2200193 a 4500 |
| 001 - NÚMERO DE CONTROL |
| Número de control |
4248 |
| 003 - IDENTIFICADOR DEL NÚMERO DE CONTROL |
| Identificador del número de control |
CDMR |
| 005 - FECHA Y HORA DE LA ÚLTIMA TRANSACCIÓN |
| Fecha y hora de la última transacción |
20151016130001.0 |
| 008 - CÓDIGOS DE INFORMACIÓN DE LONGITUD FIJA |
| Códigos de información de longitud fija |
130130s2002||||||||||||||||||||||||||||d |
| 040 ## - FUENTE DE LA CATALOGACIÓN |
| Centro catalogador de origen |
CDMR |
| Lengua de catalogación |
cat |
| Centro transcriptor |
CPC GIRONA |
| 100 1# - PUNTO DE ACCESO PRINCIPAL-NOMBRE DE PERSONA |
| 9 (RLIN) |
4183 |
| Nombre de persona |
Nadal, Josep Maria |
| 245 10 - MENCIÓN DE TÍTULO |
| Título |
Intervenció del Dr Josep Maria Nadal a l'acte de presa de possessió coma a rector del Dr. Joan Batle, a la Universitat de Girona, el 21 de març de 2002 |
| 260 ## - PUBLICACIÓN, DISTRIBUCIÓN, ETC. (PIE DE IMPRENTA) |
| Fecha de publicación, distribución, etc. |
2002 |
| Nombre del editor, distribuidor, etc. |
Universitat de Girona |
| Lugar de publicación, distribución, etc. |
Girona |
| 300 ## - DESCRIPCIÓN FÍSICA |
| Extensión |
19 p. |
| 490 0# - MENCIÓN DE SERIE |
| Mención de serie |
Textos escollits |
| Designación de volumen o secuencia |
2 |
| 500 ## - NOTA GENERAL |
| Nota general |
A la coberta: Consell Social |
| 710 2# - PUNTO DE ACCESO ADICIONAL - NOMBRE DE ENTIDAD |
| 9 (RLIN) |
3937 |
| Nombre de entidad o nombre de jurisdicción como elemento inicial |
Universitat de Girona |
| 942 ## - ENTRADA DE ELEMENTOS AGREGADOS (KOHA) |
| Koha [por defecto] tipo de item |
Fullets |
| Fuente de clasificaión o esquema |
|